[Event "Mazowiec-chT 1718"]
[Site "Warsaw"]
[Date "2018.02.04"]
[Round "5.12"]
[White "Ossolinska, Matylda"]
[Black "Radomski, Tobiasz"]
[Result "1-0"]
[WhiteElo "1414"]
[BlackElo "1192"]
[PlyCount "43"]
[EventDate "2017.12.03"]
[EventType "team-tourn"]
[EventRounds "10"]
[EventCountry "POL"]
[SourceTitle "EXT 2020"]
[Source "ChessBase"]
[SourceDate "2019.10.17"]
[SourceVersion "1"]
[SourceVersionDate "2019.10.17"]
[SourceQuality "1"]

1. e4 c5 2. Ne2 e6 3. c4 Nc6 4. Nbc3 Nf6 5. g3 d5 6. exd5 exd5 7. cxd5 Nb4 8. d3 Bf5 9. Nf4 Nbxd5 10. Nfxd5 Nxd5 11. Qa4+ Bd7 12. Qe4+ Be6 13. Bg2 Nb4 14. 0-0 Rb8 15. Bf4 Bd6 16. Bxd6 Qxd6 17. Nb5 Qd7 18. a4 a6 19. Nc3 Qxd3 20. Qe5 Nc6 21. Bxc6+ Ke7 22. Qxc5+ 1-0